Ivan Kříž fenomén linearity : (kresby a kovové objekty) : [katalog výstavy] : Státní galerie ve Zlíně, Grafický kabinet zlínského zámku, 10.12.1996-9.2.1997 /

Hlavní autor: Kříž, Ivan, 1941-
Korporativní autor: Státní galerie (Zlín, Česko)
Další autoři: Sedláček, Ivo, 1961-
Jazyk: Čeština
Vydáno: Zlín : Státní galerie, 1996
Témata:
Fyzický popis: [6] s. : il. ; 21 cm
Knihy
Uloženo v:
LEADER 01356nam a2200337 a 4500
001 000165945
003 CZ BrMZK
005 20240806082159.0
008 960815s1996 xr e c dcze d
040 |a BOA001  |b cze 
043 |a e-xr--- 
045 |a x-x- 
072 7 |a 72/76  |x Výtvarné umění  |2 Konspekt  |9 21 
080 |a 72/76(437.3)  |2 MRF 
080 |a 7.036/.038  |2 MRF 
080 |a (437.3)  |2 MRF 
080 |a (083.824)  |2 MRF 
100 1 |a Kříž, Ivan,  |d 1941-  |7 jo20000082725  |4 aut 
245 1 0 |a Ivan Kříž fenomén linearity :  |b (kresby a kovové objekty) : [katalog výstavy] : Státní galerie ve Zlíně, Grafický kabinet zlínského zámku, 10.12.1996-9.2.1997 /  |c [texty v katalogu: Ivo Sedláček]. 
260 |a Zlín :  |b Státní galerie,  |c 1996 
300 |a [6] s. :  |b il. ;  |c 21 cm 
600 1 7 |a Kříž, Ivan,  |d 1941-  |7 jo20000082725 
648 7 |a 20. století  |7 ch460558  |2 czenas 
650 0 7 |a české výtvarné umění  |7 ph116865  |y 20. století  |2 czenas 
650 0 7 |a moderní umění  |7 ph115340  |z Česko  |2 czenas 
655 7 |a katalogy výstav  |7 fd132536  |2 czenas 
700 1 |a Sedláček, Ivo,  |d 1961-  |7 jn20000728592  |4 aut 
710 2 |a Státní galerie (Zlín, Česko)  |7 kn20010709326 
910 |a BOA001  |b X-1031.844 
990 |a BK 
996 6 |b 2610050637  |c X-1031.844  |l MZK  |r Sklad / do 24 hodin  |n 1  |p p.v.  |w 000165945  |u 000010  |a 1  |e BOA001  |j MZK50  |s P